Dilema e identidad del pueblo Bribri (Registro nro. 2797)
[ vista simple ]
| 000 -Cabecera | |
|---|---|
| Campo de control de longitud fija | 00744aam a2200265 4500 |
| 005 - Fecha y hora de la última transacción | |
| Campo de control | 20231012112605.0 |
| 008 - Elementos de longitud fija--Información general | |
| Campo de control de longitud fija | 150302b2009 xxu||||| |||| 00| 0 ES d |
| 020 ## - International Standard Book Number | |
| Número Internacional Estándar del Libro (ISBN) | 9789968461269 |
| 041 ## - Idioma | |
| Código de idioma | Español |
| 082 ## - Clasificación Decimal Dewey | |
| Número de clasificación | 305.868.728.6 R741d |
| 100 ## - Entrada principal--Autor personal | |
| Nombre personal | Rojas Conejo, Daniel |
| 9 (RLIN) | 7749 |
| 245 ## - Título propiamente dicho | |
| Título | Dilema e identidad del pueblo Bribri |
| 260 ## - Pie de imprenta | |
| Lugar de publicación, distribución, etc. | Costa Rica |
| Nombre del editor, distribuidor, etc. | EUCR |
| Fecha de publicación, distribución, etc. | 2009 |
| 300 ## - Descripción física | |
| Extensión | 261 páginas |
| 650 ## - Materia general | |
| Temática (materia general) | COSTA RICA |
| 650 ## - Materia general | |
| Temática (materia general) | IDENTIDAD CULTURAL |
| 650 ## - Materia general | |
| Temática (materia general) | BRIBRI |
| 650 ## - Materia general | |
| Temática (materia general) | INDÍGENAS DE COSTA RICA |
| 650 ## - Materia general | |
| Temática (materia general) | ETNICIDAD |
| 650 ## - Materia general | |
| Temática (materia general) | SOCIALIZACIÓN |
| 650 ## - Materia general | |
| Temática (materia general) | ACULTURACIÓN |
| 650 ## - Materia general | |
| Temática (materia general) | DESARROLLO DE TRIBUS |
| 650 ## - Materia general | |
| Temática (materia general) | CULTURAS INDÍGENAS |
| 942 ## - Punto de acceso adicional KOHA | |
| Tipo de ítem KOHA | Literatura |
| Fuente del sistema de clasificación o colocación | Dewey Decimal Classification |
| Signatura completa | Código de barras | Tipo de ítem |
|---|---|---|
| 305.868.728.6 R741d | 19317 | Literatura |
| 305.868.728.6 R741d | 16033 | Literatura |
| 305.868.728.6 R741d | 20929 | Literatura |